| 000 | 00415nam a2200181Ia 4500 | ||
|---|---|---|---|
| 008 | 230725s1992 xx 000 0 und d | ||
| 041 | _aeng | ||
| 082 |
_a615.19 _bBEN/RAW |
||
| 100 | _aBENTLY RAWLINS | ||
| 245 | _aTEXT BOOK OF PHARMACEUTICS | ||
| 260 |
_bA.I.T.B.S. PUBLISHER _c1992 |
||
| 300 | _a725 | ||
| 365 | _h15 | ||
| 500 | _aTEXT BOOK | ||
| 501 | _aPH | ||
| 520 | _aPB | ||
| 650 | _aPHARMACEUTICS | ||
| 999 |
_c767141 _d767141 |
||